|
|
|
|
| LEADER |
00891nam a2200325 4500 |
| 001 |
DLU060055772 |
| 005 |
##19921009133651.8 |
| 008 |
##920109s1992 si a b 001 0 eng |
| 010 |
# |
# |
|a 92002988
|
| 020 |
# |
# |
|a 9810206003
|
| 035 |
# |
# |
|9 (DLC) 92002988
|
| 040 |
# |
# |
|a DLC
|c DLC
|d DLC
|
| 082 |
# |
# |
|a 500
|f iv
|
| 245 |
# |
# |
|a Fivefold symmetry /
|c editor, Istvan Hargittai.
|
| 260 |
# |
# |
|a Singapore ;
|a River Edge, NJ :
|b World Scientific,
|c c1992.
|
| 300 |
# |
# |
|a xvi, 561 p. :
|b ill. (some col.) ;
|c 23 cm.
|
| 504 |
# |
# |
|a Includes bibliographical references and index.
|
| 650 |
# |
# |
|a Crystallography.
|
| 650 |
# |
# |
|a Symmetry.
|
| 700 |
# |
# |
|a Hargittai, Istvan.
|
| 923 |
# |
# |
|a 26/2006
|
| 992 |
# |
# |
|a 23000
|
| 994 |
# |
# |
|a DLU
|
| 900 |
# |
# |
|a True
|
| 911 |
# |
# |
|a Thái Thị Thanh Thủy
|
| 925 |
# |
# |
|a G
|
| 926 |
# |
# |
|a A
|
| 927 |
# |
# |
|a SH
|
| 980 |
# |
# |
|a Thư viện Trường Đại học Đà Lạt
|